Á lódáil...

Jnan kathirikkunnu /

Sonraí Bibleagrafaíochta
Príomhúdar: George, Onakkur
Formáid: Printed Book
Teanga:Malayalam
Foilsithe: Poorna , 1986.
Ábhair:
LEADER 00534nam a2200169Ia 4500
008 150624b xxu||||| |||| 00| f mal d
999 |c 81026  |d 81026 
082 |a 853.47 
100 |a George, Onakkur 
245 |c Onakkur George  |a Jnan kathirikkunnu / 
260 |b Poorna ,  |c 1986. 
300 |a 136 p. 
546 |a In Malayalam. 
650 |v Malayalam fiction 
650 |v George Onakkur ( 1941 - ) 
942 |c BK 
952 |0 0  |1 0  |4 0  |6 853_470000000000000_NJA_M  |7 0  |9 80970  |a UL  |b UL  |c ST1  |d 1998-08-28  |l 4  |o 853.47 NJA M  |p 60251  |r 2019-10-16  |s 2019-10-14  |y BK